00634nam a22001697a 450000500170000001000130001702000250003003500110005503700130006608200110007910000420009024501110013224600540024326000520029727000920034930000230044120201111115113.0 aUR-10924 c99.00a9789389733365 aU-9479 bDBAD/PUB a844.08 aسيد عتيق ا جمل و ز ير  aحا صل تحر ير(تحقيقی و تنقيد ی مضا مين )cسيد عتيق ا جمل و ز ير  bHasil-e-Tehreer (Urdu)abySyed Ateeq Ajmal Vazeer aN.Delhi bEducational Publishing Housec2019 ء aH.O.D1/16,Ansari Road,Darya ganj,bN.Delhie110002k45678285,23216162l0091-11-23211540 a152 ص c22 Cm(Hb)